000 00638nam a2200157Ia 4500
008 100122s9999 xx 000 0 und d
082 _b65214
_a821
100 _aकालिदास
245 _aकुमार संभव मराठी काव्यानुवाद
260 _bसुरेखा अनंत विद्वांस
_c2003
300 _a109
630 _aकुमार संभव मराठी काव्यानुवाद
700 _aविद्वांस अनंत ज
730 _aकुमार संभव मराठी काव्यानुवाद
942 _cBOOK
999 _c438348
_d438345